Introduction to Animal Breeding. (Record no. 7343)

MARC details
000 -LEADER
fixed length control field 00478nam a22001817a 4500
003 - CONTROL NUMBER IDENTIFIER
control field OSt
005 - DATE AND TIME OF LATEST TRANSACTION
control field 20211006163131.0
008 - FIXED-LENGTH DATA ELEMENTS--GENERAL INFORMATION
fixed length control field 211006b ||||| |||| 00| 0 eng d
020 ## - INTERNATIONAL STANDARD BOOK NUMBER
International Standard Book Number 9781405131780
040 ## - CATALOGING SOURCE
Transcribing agency DDC
082 ## - DEWEY DECIMAL CLASSIFICATION NUMBER
Classification number 636.082 CAL 2014.
100 ## - MAIN ENTRY--PERSONAL NAME
Personal name Calvis, Dalton
9 (RLIN) 15047
245 ## - TITLE STATEMENT
Title Introduction to Animal Breeding.
260 ## - PUBLICATION, DISTRIBUTION, ETC. (IMPRINT)
Place of publication, distribution, etc. Netherlands:
Name of publisher, distributor, etc. Wiley-Blackwell;
Date of publication, distribution, etc. 2014,
300 ## - PHYSICAL DESCRIPTION
Extent 311p.:
Other physical details ill;
Dimensions 26cm.
650 ## - SUBJECT ADDED ENTRY--TOPICAL TERM
Topical term or geographic name as entry element Animal Breeding.
9 (RLIN) 14283
942 ## - ADDED ENTRY ELEMENTS (KOHA)
Source of classification or shelving scheme Dewey Decimal Classification
Koha item type Book
Holdings
Withdrawn status Lost status Source of classification or shelving scheme Damaged status Not for loan Home library Current library Date acquired Source of acquisition Inventory number Total Checkouts Full call number Barcode Date last seen Price effective from Koha item type
    Dewey Decimal Classification     Faculty of Interdisciplinary Studies Library Faculty of Interdisciplinary Studies Library 06/10/2021 Purchase 21/41541   636.082 CAL 2014. 2021-1432 06/10/2021 06/10/2021 Book
    Dewey Decimal Classification     Faculty of Interdisciplinary Studies Library Faculty of Interdisciplinary Studies Library 06/10/2021 Purchase 21/41542   636.082 CAL 2014. 2021-1433 06/10/2021 06/10/2021 Book